<?xml version="1.0" encoding="UTF-8"?><?xml-stylesheet type="text/xsl" href="static/style.xsl"?><OAI-PMH xmlns="http://www.openarchives.org/OAI/2.0/" xmlns:xsi="http://www.w3.org/2001/XMLSchema-instance" xsi:schemaLocation="http://www.openarchives.org/OAI/2.0/ http://www.openarchives.org/OAI/2.0/OAI-PMH.xsd"><responseDate>2026-04-28T19:08:31Z</responseDate><request verb="GetRecord" identifier="oai:uvadoc.uva.es:10324/60751" metadataPrefix="marc">https://uvadoc.uva.es/oai/request</request><GetRecord><record><header><identifier>oai:uvadoc.uva.es:10324/60751</identifier><datestamp>2023-08-21T19:03:15Z</datestamp><setSpec>com_10324_38</setSpec><setSpec>col_10324_852</setSpec></header><metadata><record xmlns="http://www.loc.gov/MARC21/slim" xmlns:doc="http://www.lyncode.com/xoai" xmlns:xsi="http://www.w3.org/2001/XMLSchema-instance" xmlns:dcterms="http://purl.org/dc/terms/" xsi:schemaLocation="http://www.loc.gov/MARC21/slim http://www.loc.gov/standards/marcxml/schema/MARC21slim.xsd">
<leader>00925njm 22002777a 4500</leader>
<datafield tag="042" ind1=" " ind2=" ">
<subfield code="a">dc</subfield>
</datafield>
<datafield tag="720" ind1=" " ind2=" ">
<subfield code="a">Beloso Santos, Sara</subfield>
<subfield code="e">author</subfield>
</datafield>
<datafield tag="260" ind1=" " ind2=" ">
<subfield code="c">2023</subfield>
</datafield>
<datafield tag="520" ind1=" " ind2=" ">
<subfield code="a">El presente trabajo estudia y analiza la trayectoria de la cantante Aitana desde su salida del talent show Operación Triunfo en 2018. Concretamente, se centra en su trabajo más completo hasta el momento: su segundo álbum de estudio 11 RAZONES. La trayectoria de Aitana pone en valor el trabajo del mánager en una industria que requiere adaptación a las nuevas tendencias y formas de comunicación. &#xd;
Para llegar a una conclusión, se llevará a cabo una investigación exhaustiva de las estrategias de marketing, redes sociales, videoclips, tours, colaboraciones con artistas y con marcas que han llevado a Aitana a construir una imagen propia y a ser una de las artistas más influyentes de panorama musical en español actual.</subfield>
</datafield>
<datafield tag="024" ind2=" " ind1="8">
<subfield code="a">https://uvadoc.uva.es/handle/10324/60751</subfield>
</datafield>
<datafield tag="245" ind1="0" ind2="0">
<subfield code="a">La nueva industria musical: el fenómeno Aitana</subfield>
</datafield>
</record></metadata></record></GetRecord></OAI-PMH>